000 00242nam a2200109Ia 4500
999 _c7762
_d7762
020 _a978-0073655789
100 _aRoger S. Pressman
245 0 _aSoftware Engineering
260 _aNew York
_bPrentice Hall
_c2001
300 _a858
942 _cBK